Normal view
MARC view
Entry Personal Name
001 - CONTROL NUMBER
- control field: 7064
003 - CONTROL NUMBER IDENTIFIER
- control field: BD-RjUL
005 - DATE AND TIME OF LATEST TRANSACTION
- control field: 20230223112006.0
008 - FIXED-LENGTH DATA ELEMENTS
- fixed length control field: 230223|| aca||aabn | a|a d
040 ## - CATALOGING SOURCE
- Original cataloging agency: BD-RjUL
- Transcribing agency: BD-RjUL
100 ## - HEADING--PERSONAL NAME
- Personal name: Sultana, Samina
670 ## - SOURCE DATA FOUND
- Source citation: Work cat.: (BD-RjUL)81254: Sultana, Samina, United States Role in the development of South Korean economic, 1948 -1990 : , 2013